000 00299nam a22001337a 4500
003 SGT
082 _a150
_bA11R
100 _aGOODGLASS / KAPLAN
245 _aTHE ASSESSMENT OF APHASIA AD RELATED DISEASES
250 _a3RD
260 _bWILLIAM & WILLIAM
_c2010
300 _a120
942 _2ddc
_cBK
999 _c17889
_d17889